Statistics for Name a James Bond Movie A-Z

Click here to take the quiz!

General Stats

  • This quiz has been taken 819 times
  • The average score is 11 of 14

Answer Stats

LetterBond Film% Correct
DDr. No | Diamonds Are Forever | Die Another Day
95%
GGoldfinger | Goldeneye
95%
SThe Spy Who Loved Me | Skyfall | Spectre
93%
OOn Her Majesty's Secret Service | Octopussy
91%
CCasino Royale
90%
QQuantum of Solace
88%
LLive and Let Die | The Living Daylights | Licence to Kill
87%
MThe Man with the Golden Gun | Moonraker
87%
NNever Say Never Again | No Time to Die
81%
FFrom Russia with Love | For Your Eyes Only
80%
TThunderball | Tomorrow Never Dies
75%
YYou Only Live Twice
72%
VA View to a Kill
60%
WThe World Is Not Enough
51%

Score Distribution

Percentile by Number Answered

Percent of People with Each Score

Your Score History

You have not taken this quiz